00530nam a2200169 a 4500020001800000082001300018100001800031245004800049260003800097300000800135500003500143650001300178700001800191942000700209952012700216999001700343 a978818952433300a294bKIN aKing, Richard aOrientalism and the Myth of Modern Hinduism aNew Delhi bCritical Quest c2008 a40p aincludes index and biblioraphy aHinduism1 aKing, Richard cBK 001040708StackRoom-aHMIbHMId2009-07-27g25.00l2m1o294 KINp022834r2020-01-22s2020-01-22v25.00w2009-07-27yBK c16907d16907